Statistiques concernant Drapeaux du monde avec seulement deux couleurs

Cliquez ici pour prendre le quiz!

Statistiques générales

  • Ce quiz a été pris 362 fois
  • Le résultat moyen est 21 sur 38

Statistiques - réponses

Country % Correct
Pologne
88%
Monaco
86%
Ukraine
82%
Japon
78%
Suède
78%
Chine
77%
Finlande
73%
Indonésie
73%
Qatar
72%
Canada
69%
Maroc
67%
Danemark
65%
Turquie
64%
Autriche
63%
Tunisie
63%
Suisse
62%
Grèce
60%
Bahreïn
56%
Pakistan
53%
Viêt Nam
53%
Arabie Saoudite
52%
Lettonie
49%
Singapour
48%
Nigeria
48%
Albanie
47%
Bangladesh
45%
Kazakhstan
41%
Palaos
41%
Israël
40%
Honduras
36%
Somalie
35%
Micronésie
32%
Macédoine
30%
Géorgie
30%
Mauritanie
28%
Kirghizistan
27%
Tonga
25%
Groenland
15%

Distribution des résultats

Percentile by Number Answered

% des personnes avec chaque résultat

Votre développement - résultats

Vous n’avez pas pris ce quiz